=LDR 00000nam 2200000 4500 =001 INLIS000000000051471 =005 20170925081113 =035 ##$$a 0010-0917000275 =007 ta =008 170925###########################0###### =020 ##$$a 979-17097-0-x =082 ##$$a 793 =084 ##$$a 793 MAS b =100 #$$a Master Deddy Lorenzo =245 1#$$a Buku Pintar Sulap Angka /$c Master Deddy Lorenzo =260 ##$$a Yogyakarta :$b Bookmarks,$c 2015 =300 ##$$a 157 hlm : $b ilus. ; $c 21 cm =650 ##$$a Sulap Angka =990 ##$$a 1149911499 =990 ##$$a 1149911499 =990 ##$$a 1149911499 =990 ##$$a 1149911499 =990 ##$$a 1149911499 =990 ##$$a 21702326 =990 ##$$a 01201711499 =990 ##$$a 01201711500 =990 ##$$a 01201711501 =990 ##$$a 01201711502 =990 ##$$a 21702327 =990 ##$$a 01201711499 =990 ##$$a 01201711500 =990 ##$$a 01201711501 =990 ##$$a 21702326 =990 ##$$a 21702328 =990 ##$$a 01201711499 =990 ##$$a 01201711500 =990 ##$$a 21702327 =990 ##$$a 21702326 =990 ##$$a 21702329 =990 ##$$a 01201711499 =990 ##$$a 21702328 =990 ##$$a 21702327 =990 ##$$a 21702326 =990 ##$$a 21702330 =990 ##$$a 21702329 =990 ##$$a 21702328 =990 ##$$a 21702327 =990 ##$$a 21702326